00337nam a2200109Ia 4500008004100000082000800041100002900049245002800078942000600106952010000112999001500212240331s9999 xx 000 0 und d bBAL aBalasundaram, Franklin J 0aWomen's concern in Asia cL 001040708LaWERCLbWERCLcSSCd2024-03-31l0o 305.4095 BALp3284r2024-03-31w2024-03-31yL c1862d1862